| 000 | 01022cam a2200325 i 4500 | ||
|---|---|---|---|
| 999 |
_c200439628 _d57840 |
||
| 003 | TR-AnTOB | ||
| 005 | 20240425112920.0 | ||
| 007 | ta | ||
| 008 | 940413s1990 tu a b 000 0 tur | ||
| 010 | _a 88963721 | ||
| 040 |
_aDLC _beng _erda _cDLC _dTR-AnTOB |
||
| 041 | 0 | _atur | |
| 043 | _aa-tu--- | ||
| 050 | 0 | 0 |
_aHG1206.5 _b.G86 1990 |
| 090 |
_aHG1206.5 _b.G86 1990 |
||
| 100 | 1 |
_aGüneş, Hurşit _eauthor _911150 |
|
| 245 | 1 | 0 |
_aTürkiye'de para arzını arttıran nedenler / _cDr. Hurşit Güneş. |
| 264 | 1 |
_aİstanbul : _bİstanbul Ticaret Odası, _c1990. |
|
| 300 |
_a57 pages : _bgraphics ; _c24 cm |
||
| 336 |
_2rdacontent _atext _btxt |
||
| 337 |
_2rdamedia _aunmediated _bn |
||
| 338 |
_2rdacarrier _avolume _bnc |
||
| 490 | 0 |
_aİstanbul Ticaret Odası ; _vyayın no. 1990-8 |
|
| 504 | _aBIB | ||
| 650 | 7 |
_aPara arzı _zTürkiye _xEkonometrik modeller _2etuturkob _937095 |
|
| 710 | 2 |
_aİstanbul Ticaret Odası _919571 |
|
| 942 |
_2lcc _cBK |
||